Statistics for Marvel Villains

Click here to take the quiz!

General Stats

  • This quiz has been taken 93 times
  • The average score is 27 of 48

Answer Stats

Answer% Correct
God of MischiefLoki
98%
Ability to control metalMagneto
96%
Symbiotic Alien life-formVenom
94%
former NaziRed Skull
93%
Can transform his body into sand.Sandman
91%
Worse version of VenomCarnage
89%
Devourer of WorldsGalactus
89%
Leader of LatveriaDoctor Doom
88%
Most powerful crime lord in New York.Kingpin
88%
Created by Hank Pym.Ultron
84%
Big strong, but not the Hulk.Abomination
83%
Probably the first mutantApocalypse
83%
8 "arms"Doctor Octopus
83%
Not always a villain. Son of Magneto.Quicksilver
83%
Victor CreedSabretooth
80%
Always hits the target.Bullseye
78%
Opponent of the X-Men (Cain Marko)Juggernaut
77%
In love with DeathThanos
77%
Struck by lightning and now able to control electricity.Electro
76%
Scientist with one arm.Lizard
74%
Looks ridiculous with his horn.Rhino
71%
Fire-controlling mutant.Pyro
70%
Genius and skilled Martial ArtistMandarin
63%
Japanese mutant with a Samurai style armor.Silver Samurai
60%
Inspirated by a character from Faust.Mephisto
48%
Carl "Crusher" CreelAbsorbing Man
45%
Greatest loot would be Spider-Man.Kraven the Hunter
44%
Fits into every environmentMystique
43%
Born as Nathaniel Essex in London. Foe of the X-Men.Mr Sinister
41%
Many incarnations, one of the most famous is Mac Gargan.Scorpion
40%
Master Hypnotist and Magician.Mysterio
39%
Assassin who wants to kill Wolverine.Lady Deathstrike
38%
Opponent of Ghost Rider. Fictional Demon.Blackheart
35%
First appearance as an opponent of Spider-Man with Vampire abilities.Morbius
35%
First no superhuman powers, but used make-up.Chameleon
34%
Kl'rt.Super-Skrull
34%
Involved in the Weapon X project. Religious fanatic.William Stryker
32%
Mutant son of Wolverine.Daken
30%
First one was Roderick Kingsley.Hobgoblin
30%
Enemy of the punisher. No superhuman powers, but very well trained.Jigsaw
30%
combined abilities of Professor X, Magneto, Franklin Richards, and Nate GreyOnslaught
27%
Ability to absorb energy.Sebastian Shaw
23%
Skull as a head.Taskmaster
20%
Younger brother of Cyclops and Havok.Vulcan
17%
Can secrete "Death Spores"Omega Red
16%
Leader of a Crime syndicate-The Hood
4%
Great narcissisitc complex. Foe of Iron Man.Obadiah Stone
1%
Enemy of the Punisher with great durability.Barracuda
0%

Score Distribution

Percentile by Number Answered

Percent of People with Each Score

Your Score History

You have not taken this quiz